000 00670nam a2200289Ia 4500
005 20260324150620.0
008 008 260324s9999 xx 000 0 eng d
020 _a9781003644743
037 _aEBOOK
040 _aCRL
040 _beng
040 _cCRL
041 _2eng
041 _aeng
084 _qCRL
100 _aFrancis Berry dec'd
_91227021
245 0 _aPoets' Grammar
245 0 _bPerson, Time and Mood in Poetry
260 _bTaylor and Francis
260 _c1958
365 _a
365 _b145
856 _uhttp://www.taylorfrancis.com/books/9781003644743
942 _cEBOOK
999 _c1836787
_d1836787